000 00742nam a2200217Ii 4500
003 JO-AjNU
008 230605s9999||||xx |||||||||||||| ||und||
017 _a1995/9/957
040 _aJO-AjNU
_bara
_erda
_cJO-AjNU
041 _aara
050 1 4 _aK230.Z8236.1995
100 3 _aتاليف الزعبي، خالد، م.مشارك منذر الفضل,
_eauthor
_96895
245 0 0 _aالمدخل الى علم القانون = Introduction to the Science of Law Comparative Study
250 _aط1
264 3 1 _aعمان: جامعة الزيتونة الأردنية، 1995
300 _a267ص
336 _atext
_btxt
_2rdacontent
337 _aunmediated
_bn
_2rdamedia
338 _avolume
_bnc
_2rdacarrier
650 4 _aالقانون
_96896
999 _aA4
_c3572
_d3572